| 000 | 01297cam a22003617a 4500 | ||
|---|---|---|---|
| 005 | 20220817043044.0 | ||
| 008 | 971010s1990 r 00010 d | ||
| 010 | _a64137 | ||
| 011 | _a65109 | ||
| 035 | _a71311 | ||
| 090 | _aJ602 | ||
| 090 | _aTesis | ||
| 100 | 0 | 0 |
_aJaimes Jaimes, María Elva. _960935 |
| 245 | 0 | _aHeterosis y efectos genéticos individuales y maternos en bovinos Angus y Suizo Pardo I. ganacia de peso y consumo y eficiencia de utilización de dietas altas en forraje | |
| 260 |
_aChapingo, Méx. : _bEl autor, _c1990 |
||
| 300 | _a57 h. | ||
| 502 | _aTesis (Ing. Agrónomo Esp. en Zootecnia) -- UACH. Departamento de Zootecnia | ||
| 590 |
_aALEPH _b10 _c20130110 _lUCH01 _h1349 |
||
| 590 |
_aBATCH-UPD _b10 _c20130110 _lUCH01 _h1225 |
||
| 590 |
_aBATCH-UPD _b10 _c20130410 _lUCH01 _h0757 |
||
| 590 |
_aBATCH-UPD _b10 _c20130914 _lUCH01 _h1202 |
||
| 590 |
_aCONVERSION _b10 _c20130109 _lUCH01 _h1335 |
||
| 650 | 1 | 4 |
_aDietas. _932541 |
| 650 | 1 | 4 | _aForrajes. |
| 650 | 1 | 4 |
_aGanado Angus. _944962 |
| 650 | 1 | 4 | _aGanado Pardo Suizo. |
| 650 | 1 | 4 |
_aGanado vacuno _xAlimentación. _945429 |
| 650 | 1 | 4 |
_aGanado vacuno _xGenética. _945470 |
| 650 | 1 | 4 |
_aGanado vacuno _xPeso. _945504 |
| 650 | 1 | 4 |
_aHeterosis. _955071 |
| 710 | 0 |
_aUACH. Departamento de Zootecnia. _9115904 |
|
| 901 | _aBK | ||
| 999 |
_c64137 _d64137 |
||